Leçons sur les phénomènes de la vie communs aux animaux et aux végétaux / (Record no. 151977)

MARC details
000 -LEADER
campo de control de longitud fija 00826nam a2200181 i 4500
001 - NÚMERO DE CONTROL
campo de control 151977
003 - IDENTIFICADOR DE NÚMERO DE CONTROL
campo de control ES-MaACL
005 - FECHA Y HORA DE LA ÚLTIMA TRANSACCIÓN
campo de control 20260215132801.0
008 - DATOS DE LONGITUD FIJA--INFORMACIÓN GENERAL
campo de control de longitud fija 931025m18781879fr f |||| | fre d
100 1# - ENTRADA PRINCIPAL--NOMBRE DE PERSONA
Nombre de persona Bernard, Claude,
Fechas asociadas al nombre 1813-1878
9 (RLIN) 28231
245 10 - MENCIÓN DEL TÍTULO
Título Leçons sur les phénomènes de la vie communs aux animaux et aux végétaux /
Mención de responsabilidad, etc. par Claude Bernard ; [edited by Albert Dastre].
260 ## - PUBLICACIÓN, DISTRIBUCIÓN, ETC.
Lugar de publicación, distribución, etc. Paris :
Nombre del editor, distribuidor, etc. J.-B. Baillière et fils,
Fecha de publicación, distribución, etc. 1878-79 (
Fabricante Impr. de E. Martinet)
300 ## - DESCRIPCIÓN FÍSICA
Extensión T.I, 1878 (XXXII, 404 p., [1] h. de lám.) - T.II, 1879 (XII, 564 p., [3] h. de lám.) :
Otras características físicas il. ;
Dimensiones 22 cm.
594 ## - Nota al título y mención de responsabilidad
Nota al título y mención de responsabilidad Precede al tít.: "Cours de physiologie générale du Muséum d'histoire naturelle"
700 1# - ENTRADA AGREGADA--NOMBRE PERSONAL
Nombre de persona Dastre, Albert,
Fechas asociadas al nombre 1844-1917
9 (RLIN) 126702
852 ## - LOCALIZACIÓN
Ubicación ES-MaACL
Número de control de estantería B-573-74
Nota libre -- Enc. hol.
Holdings
Estatus retirado Estado de pérdida Estado de daño No para préstamo Colección Biblioteca de origen Biblioteca actual Ubicación en estantería Fecha de adquisición Total de préstamos Signatura topográfica completa Código de barras Visto por última vez Precio de reemplazo Tipo de ítem Koha
        Libros del s. XIX Biblioteca del Ateneo de Madrid Biblioteca del Ateneo de Madrid Sala Pardo Bazán 17/01/2008   B-573-74 1158635 23/02/2023 23/02/2023 Libro impreso antiguo